000 03337cam a22012374i 4500
003 PE-LiUPU
005 20250813185422.0
008 180709s2016 sp a rb 000 0 spa d
020 _a9788490774182
035 _a(Sirsi) a249172
040 _aPE-LiUPU
_bspa
_cPE-LiUPU
_erda
049 _aPRUA
082 0 4 _a338
_bC63
_221
100 1 _aCiller Tenreiro, Carmen,
_eautor.
245 1 0 _aProducción y desarrollo de proyectos audiovisuales /
_cCarmen Ciller Tenreiro, Manuel Palacio Arranz.
264 1 _aMadrid :
_bSíntesis,
_c2016.
300 _a159 páginas :
_bilustraciones ;
_c23 centímetros.
336 _atext
_2rdacontent
337 _aunmediated
_2rdamedia
338 _avolume
_2rdacarrier
490 0 _aComunicación audiovisual ;
_v8
504 _aBibliografía : páginas 157-159.
505 0 _aLa producción ejecutiva: dirección de proyectos audiovisuales -- la dirección de producción: organización y supervisión del proceso de producción -- los estudios de los publicos en las producciones cinematograficas -- la gestión de proyectos audiovisuales: el estudio de cuatro casos.
526 _aP202
526 _aP201
526 _aP163
526 _aP162
526 _aP161
526 _aP160
526 _aP148
526 _aP147
526 _aP146
526 _aP145
526 _aP144
526 _aP143
526 _aP142
526 _aP141
526 _aP140
526 _aP139
526 _aP138
526 _aP137
526 _aP136
526 _aP135
526 _aP134
526 _aP133
526 _aP129
526 _aP128
526 _aP127
526 _aP120
526 _aP119
526 _aP118
526 _aP116
526 _aP115
526 _aP114
526 _aP110
526 _aP109
526 _aP108
526 _aP104
526 _aP103
526 _aP102
526 _aP99
526 _aP98
526 _aP97
526 _aP96
526 _aP95
526 _aP93
526 _aP90
526 _aP89
526 _aP88
526 _aP83
526 _aP82
526 _aP62
526 _aP59
526 _aP58
526 _aP57
526 _aP51
526 _aP49
526 _aP48
526 _aP47
526 _aP29
526 _aP24
526 _aP20
526 _aP19
526 _aP17
526 _aP15
526 _aP14
526 _aP12
526 _aP10
526 _aP09
526 _aP08
526 _aP07
526 _aP06
526 _aP05
526 _aP04
526 _aP01
541 _g001-003608;
650 0 4 _aProducción.
650 0 4 _aDesarrollo de proyectos.
700 1 _aPalacio Arranz, Manuel,
_eautor.
910 _admb
_bksl
_cksl
_d20180709
942 _2ddc
_cBOOK
994 _aC0
_bPEPRU
596 _a1
999 _a338 C63
_wDEWEY
_c28759
_i78900
_f2021-11-8
_g4
_lCCODEBUL1
_mBUL
_p38.47
_r0
_sY
_tBOOK
_u2018-7-9
_xEDUCACION
_PP07
_0COMPRA
_1FCOMPRA
_o.STAFF. Colección Ciencias Humanas y Educación
_d28759
999 _a338 C63
_wDEWEY
_c2
_i78901
_d2019-5-28
_f2021-11-8
_g4
_lCCODEBUL1
_mBUL
_p38.47
_q2
_r0
_sY
_tBOOK
_u2018-7-9
_xEDUCACION
_PP07
_0COMPRA
_1FCOMPRA
_o.STAFF. Colección Ciencias Humanas y Educación
980 _81
_gALBERTO SANCHEZ Responsable de Automatización